| 000 | 00820nam a2200265Ia 4500 | ||
|---|---|---|---|
| 003 | OSt | ||
| 005 | 20220924131501.0 | ||
| 006 | a|||||r|||| 00| 0 | ||
| 007 | ta | ||
| 008 | 220923b |||||||| |||| 00| 0 san d | ||
| 020 | _a9789381721988 (hbk) | ||
| 020 | _cINR 450.00 | ||
| 024 | _a349331 | ||
| 037 |
_b240, 16/01/2019, Eastern Book Linkers _cTextual |
||
| 040 |
_aARTS _cARTS _bsan |
||
| 041 |
_2san _asan |
||
| 082 | _aO15:g, Q7 | ||
| 100 |
_aBarikh Purender Ed. _9202075 |
||
| 245 | 0 | _aKaalmadhav-kaalnirnayyosatulnatmak samikasha | |
| 260 |
_aVaranasi _bKala evam Dharam Shodh Sansthan India _c2017 |
||
| 300 |
_axx,158p. _ccm. |
||
| 650 | _aSANSKRIT LITERATURE | ||
| 942 |
_hO15:g, Q7 _cTEXL _2CC |
||
| 999 |
_c427289 _d427289 |
||